| 000 | 00596nam a22002177a 4500 | ||
|---|---|---|---|
| 003 | OSt | ||
| 005 | 20210426081442.0 | ||
| 008 | 210215s1993 ||||| |||| 00| 0 eng d | ||
| 020 | _a0671885537 | ||
| 040 |
_aeng _beng _cDLC |
||
| 041 | _aeng | ||
| 080 |
_a15 _bH-20 |
||
| 100 |
_9883 _aHammerschlag, A. Carl |
||
| 245 |
_aThe Theft of the Spirit _b: A journey to Spiritual Healing _c/ by: Simon and Schuster |
||
| 260 |
_aNew York _bSimon and Schuster _c1993 |
||
| 300 | _a171 p. | ||
| 365 | _b10 usd | ||
| 650 | 0 |
_9134 _aPsychology |
|
| 653 | _aფსიქოლოგია | ||
| 942 |
_2udc _cBK |
||
| 999 |
_c1386 _d1386 |
||